00847nam a22002297a 450000500170000001000150001702000280003203500140006003700090007408200120008310000280009524500940012326000630021727000440028030000230032450000250034765000190037270000480039194200260043999900190046595201330048420240604124340.0 aENG-140568 c2,250.00a9788181715715 aEN-124100 aDBAD a591.954 aChandra, Kailash967311 aFaunal Diversity of Biogeographical Zones of India: Semi Arid/cKailash Chandra...(et.al) aKolkatabDirector, Zoological Survey of IndiacApril, 2021 aM-Block, New Alipore, bKolkatae700053 a256p. c30 cm (hb) aIt is about zoology. aZoology967312 aDirector Zoological Survery of India967089 2ddccENh591.954mFAU c203495d203495 001040718REFaLbLd2024-06-04eDBAD/PUBg2250.00l0o591.954 FAUpEN-124100r2024-06-04 00:00:00t1v2250.00w2024-06-04yEN